000
00192 a2200097 4500
020
_a
9780071664295
041
_a
spa
100
_a
Joanna Rios
245
_a
Complete Medical Spanish
942
_c
K
999
_c
26933
_d
26933